BFI ENH: USSR - Statistics

General Stats
  • This quiz has been taken 17 times
  • The average score is 5 of 15
Answer Stats
Question Answer % Correct
What political pamphlet did it take inspiration from? The Communist Manifesto
63%
When did Lenin die? In 1924
50%
When did Russia become the USSR? In 1922
38%
What is the name of the equivalent collective-run farms? Kolkhozy
38%
What was the name of the Russian communist ideology? Marxism-Leninism/Stalinism
38%
Who was the tsar in 1917? Nicolas II
38%
What is the name of the state-run farms created in order to reinforce industrialisation in the country? Sovkhozy
38%
The Civil War opposed the ... and ... Armies. White and Red
38%
What was the name of the government agency in charge of labour camps? Gulag
25%
In what months did the 1917 Revolutions occur? March & October
25%
Stakhanov supposedly extracted how many times more his quota in 5h45? 14
13%
When did it start and finish? 1917 & 1923
13%
The membership to youth organisation reached how many millions in 1939? 9
13%
During the Great Purge (1937-8), what trial involved the condemnation of Zinoviev and Kamenev? Trial of the Sixteen
13%
What political system was implemented during the Civil War? War communism
13%
No matching quizzes found
Score Distribution
Percent of People with Each Score
Percentile by Number Answered
Your Score History
You have not taken this quiz